The noble scholar, jurist, historian


 His Excellency Dr. Abdul Wahhab bin Ibrahim Abu Sulaiman, may Allah have mercy on him.


 He was born in Umm Al-Qura in the year 1356 AH.

كتاب تعليل العلل لذوي المقل = (Record no. 7986)

MARC details
000 -LEADER
fixed length control field 02072cam a2200337 i 4500
003 - CONTROL NUMBER IDENTIFIER
control field SA-RiAUC
005 - DATE AND TIME OF LATEST TRANSACTION
control field 20250516154557.0
008 - FIXED-LENGTH DATA ELEMENTS--GENERAL INFORMATION
fixed length control field 250514s2003 su g 001 0 ara c
024 0# - OTHER STANDARD IDENTIFIER
Standard number or code 00000000300110
040 ## - CATALOGING SOURCE
Original cataloging agency KW-ShULA
Language of cataloging ara
Transcribing agency SA-RiAUC
Modifying agency KAC
Description conventions rda
082 04 - DEWEY DECIMAL CLASSIFICATION NUMBER
Classification number 231.3
Assigning agency SA-RiAUC
090 ## - LOCALLY ASSIGNED LC-TYPE CALL NUMBER (OCLC); LOCAL CALL NUMBER (RLIN)
Classification number (OCLC) (R) ; Classification number, CALL (RLIN) (NR) 231.3
Local cutter number (OCLC) ; Book number/undivided call number, CALL (RLIN) ع ل و
100 1# - MAIN ENTRY--PERSONAL NAME
Personal name علوش، عبد السلام بن محمد بن عمر
Relator term مؤلف.
245 10 - TITLE STATEMENT
Title كتاب تعليل العلل لذوي المقل =
Remainder of title Kitab Ta'lil Al 'Lal Lizawi Al Moqal /
Statement of responsibility, etc. تأليف عبد السلام بن محمد بن عمر علوش.
246 31 - VARYING FORM OF TITLE
Title proper/short title Kitab Ta'lil Al 'Lal Lizawi Al Moqal
246 30 - VARYING FORM OF TITLE
Title proper/short title تعليل العلل لذوي المقل
250 ## - EDITION STATEMENT
Edition statement الطبعة الأولى.
264 #1 - PRODUCTION, PUBLICATION, DISTRIBUTION, MANUFACTURE, AND COPYRIGHT NOTICE
Place of production, publication, distribution, manufacture الرياض :
Name of producer, publisher, distributor, manufacturer مكتبة الرشد،
Date of production, publication, distribution, manufacture, or copyright notice 2003
300 ## - PHYSICAL DESCRIPTION
Extent 546 صفحة ؛
Dimensions 24 × 17 سم
336 ## - CONTENT TYPE
Content type term نص
Content type code txt
Source rdacontent
Materials specified كتاب
337 ## - MEDIA TYPE
Media type term بدون وسيط
Media type code n
Source rdamedia
338 ## - CARRIER TYPE
Carrier type term مجلد
Carrier type code nc
Source rdacarrier
500 ## - GENERAL NOTE
General note يشتمل على كشافات.
504 ## - BIBLIOGRAPHY, ETC. NOTE
Bibliography, etc. note يشتمل على إرجاعات ببليوجرافية.
505 0# - FORMATTED CONTENTS NOTE
Formatted contents note المحتويات : المقدمة-الباب الأول : الفصل الأول : معنى اللغة في العلل، الفصل الثاني : معنى العلة في الاصطلاح، الفصل الثالث : في الكتب المصنفة في العلل، الفصل الرابع : طريق معرفة العلة ومتى تثبت، الفصل الخامس : في معرفة أنواع العلة، الفصل السادس : في أنواع قدح العلة في المتن والإسناد، الفصل السابع : في معرفة أول من تكلم في العلل، الفصل الثامن : في بيان عدم جواز ذكر الحديث المعلول إلا مع بيان علته ... وموضوعات أخرى.
650 #7 - SUBJECT ADDED ENTRY--TOPICAL TERM
Topical term or geographic name entry element علل الحديث
Source of heading or term aucsh
650 #7 - SUBJECT ADDED ENTRY--TOPICAL TERM
Topical term or geographic name entry element الحديث
General subdivision إسناد
Source of heading or term aucsh
650 #7 - SUBJECT ADDED ENTRY--TOPICAL TERM
Topical term or geographic name entry element الحديث
General subdivision تراجم الرواة
Source of heading or term aucsh
942 ## - ADDED ENTRY ELEMENTS (KOHA)
Source of classification or shelving scheme Dewey Decimal Classification
Koha item type Books
Suppress in OPAC No
949 ## - LOCAL PROCESSING INFORMATION (OCLC)
a SA-JeALM
d 250514
u osman123
n 1
Holdings
Withdrawn status Lost status Source of classification or shelving scheme Damaged status Not for loan Home library Current library Date acquired Total checkouts Full call number Barcode Date last seen Price effective from Koha item type
    Dewey Decimal Classification     DR AbdElwahab Library DR AbdElwahab Library 05/16/2025   231.3 ع ل و 000013218 05/16/2025 05/16/2025 Books